| 000 | 00689nam a22002297a 4500 | ||
|---|---|---|---|
| 005 | 20170124110226.0 | ||
| 010 | _aB-168110 | ||
| 020 |
_c150.00 _a8173814570 |
||
| 035 | _aB-168110 | ||
| 037 | _bCen Lib/Ret | ||
| 040 |
_aDPL _bEN |
||
| 082 |
_a616.96 _bCHA |
||
| 100 |
_aChakraborty, P. _940733 |
||
| 245 |
_aTexbook of medical parasitology / _cby P. Charaborty |
||
| 260 |
_aKolkata _bNew central book agency _c2005 |
||
| 270 |
_bKolkata _a8/1 Chintamoni Das Lane _e700009 |
||
| 300 |
_aix,388p.: _c23cm(pbk) _bill. |
||
| 500 | _aincludes index | ||
| 650 |
_aMedical science _996632 |
||
| 650 |
_aMedical parasitology _940735 |
||
| 942 |
_2ddc _cEN _h616.96 _mCHA |
||
| 999 |
_c134440 _d134440 |
||